Manchester United - najdroższe transfery - Statystyki

Ogólne statystyki
  • Ten quiz został rozwiązany 634 razy
    381 od ostatniego zresetowania
  • Średni wynik to 17 z 20
Statystyki odpowiedzi
Sezon Kwota Klub sprzedający Narodowość Pozycja Zawodnik % Poprawnych
16/17 105 mln € Juventus Francja/Gwinea ś. pomocnik Paul Pogba
98%
22/23 95 mln € Ajax Amsterdam Brazylia p. napastnik Antony
95%
22/23 70,65 mln € Real Madryt Brazylia/Hiszpania def. pomocnik Casemiro
94%
19/20 87 mln € Leicester City Anglia ś. obrońca Harry Maguire
94%
23/24 50,20 mln € Inter Mediolan Kamerun bramkarz André Onana
91%
19/20 65 mln € Sporting Lizbona Portugalia of. pomocnik Bruno Fernandes
91%
17/18 84,70 mln € Everton Belgia/DR Konga ś. napastnik Romelu Lukaku
91%
21/22 85 mln € Borussia Dortmund Anglia/Jamajka l. napastnik Jadon Sancho
90%
23/24 77,80 mln € Atalanta Dania ś. napastnik Rasmus Højlund
90%
25/26 74,20 mln € Wolverhampton Brazylia cof. napastnik Matheus Cunha
88%
24/25 45 mln € Bayern Monachium Holandia ś. obrońca Matthijs de Ligt
87%
22/23 57,37 mln € Ajax Amsterdam Argentyna ś. obrońca Lisandro Martínez
86%
24/25 50 mln € PSG Urugwaj def. pomocnik Manuel Ugarte
86%
23/24 67,70 mln € Chelsea Anglia of. pomocnik Mason Mount
86%
14/15 75 mln € Real Madryt Argentyna/Włochy p. napastnik Ángel Di María
84%
24/25 62 mln € Lille Francja/WKS ś. obrońca Leny Yoro
80%
18/19 59 mln € Shakhtar Donieck Brazylia ś. pomocnik Fred
75%
15/16 60 mln € Monaco Francja/Gwadelupa ś. napastnik Anthony Martial
74%
02/03 46 mln € Leeds United Anglia ś. obrońca Rio Ferdinand
71%
19/20 55 mln € Crystal Palace Anglia/DR Konga p. obrońca Aaron Wan-Bissaka
69%
Nie znaleziono quizów pasujących do podanych kryteriów
Rozkład punktacji
Procent ludzi z każdym wynikiem
Percentyl według liczby udzielonych odpowiedzi
Twoja historia wyników
Nie rozwiązałeś tego quizu od ostatniego zresetowania